000 00654nam a2200193Ii 4500
003 JO-AjNU
008 230605s9999||||xx |||||||||||||| ||und||
040 _aJO-AjNU
_bara
_erda
_cJO-AjNU
041 _aara
050 1 4 _aPJ6127.H3 1900
100 3 _aتاليف الهاشمي، السيد أحمد,
_eauthor
_936979
245 0 0 _aالمفرد العلم في رسم القلم
264 3 1 _aبيروت:دار القلم ,د.ت
300 _a303ص
336 _atext
_btxt
_2rdacontent
337 _aunmediated
_bn
_2rdamedia
338 _avolume
_bnc
_2rdacarrier
650 4 _aاللغة العربية-املاء-قصة عربية قصيرة
_936980
999 _aA15411
_c18979
_d18979